00652 a2200217 450000500170000001000280001702000230004503500270006803700150009503700160011008200080012610000220013424500760015626000410023227000410027330000280031449000300034250000190037270000220039170000210041320181020143632.0 aENG-86838 B-456725-765 c250.00a8123748752 aEN-70371 B-456725-765 bDBAD / PUB bK.K.Pub/Ven a921 aNarasimhan, V. K. aKamraj :cby V. K. Narasimhan, postscript by V. N. Narayananba study / aNew DelhibNational Book Trustc2007 aA-5, Green Park,bNew Delhie110 016 aviii, 235 pc22 cm (Hb) aNational Biography Series aIncludes index aNarasimhan, V. K. aNarayanan, V. N.